Matemáticas Orbe-espiral : 8º curso E.G.B. Libro del alumno con ejercicios
Gespeichert in:
| 1. Verfasser: | |
|---|---|
| Weitere Verfasser: | |
| Format: | Buch |
| Sprache: | Spanisch |
| Erschienen: |
Barcelona
Vicens básica
1978
|
| Katalog: | MANES: Suchergebnis im Bibliothekskatalog |
| Schulbuchspezifische Eigenschaften: |
|
| Tags: |
Tag hinzufügen
Keine Tags, Fügen Sie den ersten Tag hinzu!
|
| Hinzugefügt zu: | 20.05.2019 |
| Geändert in: | 16.06.2025 |
MARC
| LEADER | 00000nam a2200000Ia 4500 | ||
|---|---|---|---|
| 003 | aOSt | ||
| 005 | 20250616132444.0 | ||
| 008 | 190521s9999 xx 000 0 spa d | ||
| 561 | |5 es-CICE |3 FMa/M307 |a España. Centro Internacional de la Cultura Escolar |k MANES | ||
| 999 | |c 104621 |d 104621 | ||
| 020 | |a 84-316-1629-6 | ||
| 040 | |c centro_internacional de la cultura escolar |a centro_manes | ||
| 080 | |a 372.851 | ||
| 100 | |a Vila, Antonio |e Autor |9 35384 | ||
| 245 | 1 | 1 | |a Matemáticas Orbe-espiral : 8º curso E.G.B. Libro del alumno con ejercicios |
| 255 | |a 2ª ed | ||
| 260 | |a Barcelona |b Vicens básica |c 1978 | ||
| 300 | |a 313 p. |c 26.5 x 19.5 cm. | ||
| 500 | |a Contiene ilustrraciones a color y ejercicios para el alumno | ||
| 546 | |a España | ||
| 690 | 0 | |a MATE | |
| 691 | 0 | |a PRI | |
| 700 | |9 31586 |a Agustí, J. Ma. |d 1931- |q (Josep Maria), | ||
| 942 | |c BK |2 ddc | ||
| 999 | |c manes:104621 |d 104621 | ||